Cities in Greece or Turkey? - click quiz - Statistics

General Stats
  • This quiz has been taken 113 times
  • The average score is 15 of 16
Answer Stats
Hint Answer % Correct
Thessaloniki Greece
99%
Heraklion Greece
98%
Patras Greece
97%
Larissa Greece
97%
Bursa Turkey
97%
Izmir Turkey
95%
Samsun Turkey
95%
Batman Turkey
95%
Volos Greece
92%
Van Turkey
92%
Adana Turkey
92%
Mersin Turkey
91%
Kayseri Turkey
91%
Chania Greece
90%
Trikala Greece
88%
Serres Greece
85%
No matching quizzes found
Score Distribution
Percent of People with Each Score
Percentile by Number Answered
Your Score History
You have not taken this quiz